TPEs most suitable for automotive weatherseals (Record no. 71436)

MARC details
000 -LEADER
fixed length control field 00459nam a2200169Ia 4500
100 ## - MAIN ENTRY--AUTHOR NAME
Personal name Glockler Jurgen
245 #0 - TITLE STATEMENT
Title TPEs most suitable for automotive weatherseals
260 ## - PUBLICATION, DISTRIBUTION, ETC. (IMPRINT)
Name of publisher Rubber Asia
Year of publication 1999
300 ## - PHYSICAL DESCRIPTION
Number of Pages 73-76
650 ## - SUBJECT ADDED ENTRY--TOPICAL TERM
Topical Term Automotive weatherseals
650 ## - SUBJECT ADDED ENTRY--TOPICAL TERM
Topical Term Rubber engineering
650 ## - SUBJECT ADDED ENTRY--TOPICAL TERM
Topical Term Rubber products
650 ## - SUBJECT ADDED ENTRY--TOPICAL TERM
Topical Term Thermoplastic elastomers
650 ## - SUBJECT ADDED ENTRY--TOPICAL TERM
Topical Term Thermoset rubber
942 ## - ADDED ENTRY ELEMENTS (KOHA)
Koha item type Journals
Holdings
Withdrawn status Lost status Damaged status Not for loan Home library Current library Shelving location Date acquired Serial Enumeration / chronology Koha item type
      Journals RRII Library RRII Library Rubber chemistry 17/12/2021 Volume 13, Issue 5 Journals